000 00541pam a2200193 a 4500
020 _a8123910851
_c165.00 SPECIMAN
041 _aeng
_hNULL
082 _a616
_bBHA/KAU
100 _aBHATIA, M .
245 _aCBS QUICK REVIEW OF LATEST PAPERS /
_cNULL.
_hTextual Documents
260 _aNULL :
_bCENTRAL BOOK SUPP. (CBS) ,
_c2004.
300 _a220 :
_bxx ;
_cNULL .
365 _a165.00 SPECIMAN
_e2
700 _aKAUR, N .
907 _a3456
_a3457
930 _a1156
999 _c795692
_d795692
650 _aGEN.MEDICINE